| 000 | 00839nam a2200253 i 4500 | ||
|---|---|---|---|
| 001 | bg | ||
| 100 | 1 | _aJEŻAK, Jan | |
| 245 | 1 | 0 |
_aPrzedsiębiorstwo rodzinne : _bfunkcjonowanie i rozwój / _cJan Jeżak, Wojciech Popczyk, Alicja Winnicka-Popczyk. |
| 260 |
_aWarszawa : _b"Difin", _c2004. |
||
| 300 |
_a344 s. : _bwykr. ; _c24 cm. |
||
| 504 | _aBibliogr., wykaz aktów prawnych. | ||
| 650 | 9 |
_aPrzedsiębiorstwo rodzinne _xzarządzanie |
|
| 650 | 9 |
_aPrzedsiębiorstwa małe i średnie _xzarządzanie |
|
| 700 | 1 | _aPOPCZYK, Wojciech | |
| 700 | 1 | _aWINNICKA-POPCZYK, Alicja | |
| 020 | _a8372514518 | ||
| 040 | _cBPK | ||
| 041 | 0 | _apol | |
| 080 | _a658.11.01 | ||
| 920 | _a83-7251-451-8 | ||
| 942 | _cKS | ||
| 008 | s pl f |000 0 pol | ||
| 999 |
_c45157 _d45157 |
||
| 856 |
_uhttp://koha.tu.koszalin.pl/cgi-bin/koha/opac-detail.pl?biblionumber=45157 _yKatalog online BPK |
||